| 000 | 01198cam a2200325 a 4500 | ||
|---|---|---|---|
| 999 |
_c26956 _d26956 |
||
| 001 | 4037073 | ||
| 003 | OSt | ||
| 005 | 20170207094839.0 | ||
| 008 | 980924s1998 azua 000 0 eng d | ||
| 010 | _a 98075190 | ||
| 020 | _a1881955516 (pbk.) | ||
| 035 | _a(OCoLC)41155881 | ||
| 040 |
_aIV0 _cIV0 _dDLC |
||
| 042 | _alccopycat | ||
| 050 | 0 | 0 |
_aNA3020 _b.W515 1998 |
| 082 | 0 | 0 |
_a728/.37/0222 _221 |
| 245 | 0 | 0 |
_aWindowscaping : _bdesigning with light : over 200 home plans featuring Pella windows / _c[Jan Prideaux, senior editor]. |
| 260 |
_aTucson, Ariz. : _bHome Planners, _cc1998 _g(1999 printing) |
||
| 300 |
_a192 p. : _bill. (some col.) ; _c28 cm. |
||
| 650 | 0 | _aWindows. | |
| 650 | 0 |
_aArchitecture, Domestic _vDesigns and plans. |
|
| 700 | 1 | _aPrideaux, Jan | |
| 710 | 2 | _aHome Planners, inc. | |
| 906 |
_a7 _bcbc _ccopycat _d2 _eopcn _f19 _gy-gencatlg |
||
| 942 |
_2lcc _cBOOKS _hNA 3020 .W515 1998 |
||